Biblioteca ESET

Robots : | o el eterno grito de las máquinas inteleigentes (Registro nro. 1009)

Detalles MARC
000 -CABECERA
fixed length control field 00903nam a22002777a 4500
003 - CONTROL NUMBER IDENTIFIER
control field AR-BeUNQ
005 - FECHA Y HORA DE LA ULTIMA TRANSACCION
control field 20240506170805.0
007 - CAMPO FIJO DE DESCRIPCION FIJA - INFORMACION GENERAL
fixed length control field ta
008 - ELEMENTOS DE LONGITUD FIJA-INFORMACION GENERAL
fixed length control field 240506b2024 spaahoo| |||| 00| 0 spa d
020 ## - NUMERO INTERNACIONAL NORMALIZADO PARA LIBROS
Número Internacional Normalizado del libro 9789876292221
040 ## - FUENTE DE CATALOGACION
Agencia de catalogación original AR-BeUNQ
Idioma de catalogación ESPAÑOL
Agencia que realiza la transcripción AR-BeUNQ
Convenciones de la descripción aacr
082 ## - NUMERO DE CLASIFICACION DECIMAL DEWEYMBER
Número de la edición 21
Número de clasificación 629
100 01 - ASIENTO PRINCIPAL-NOMBRE PERSONAL
Nombre personal Zabala Gonzalo
245 ## - MENCION DE TITULO
Título Robots :
Otra información sobre el título o el eterno grito de las máquinas inteleigentes
Mención de responsabilidad, etc Gonzalo Zabala
250 ## - MENCION DE EDICION
Mención de edición 1a.ed
260 ## - PUBLICACION, DISTRIBUCION, ETC.
Lugar de publicación, distribución, etc. Buenos Aires :
Nombre del editor, distribuidor, etc. Siglo XXI,
Fecha de publicación, distribución, etc 2013
300 ## - DESCRIPCION FISICA
Extensión 136 p. ;
Otros detalles físicos il. ,
Dimensiones 14 cm
490 ## - MENCION DE SERIE
Mención de serie Ciencia que ladra : Coleccion dirigida por Diego Golombek
500 ## - NOTA GENERAL
Nota general Robots. Arquitectura de un robot.. Inteligencia artificial. Robots y arte.
504 ## - NOTA DE BIBLIOGRAFIA, ETC.
Nota de bibliografía, etc. Contiene bibliografia.
650 ## - ASIENTO SECUNDARIO DE MATERIA - TERMINO TEMATICO
Término temático o nombre geográfico como elemento de entrada Robotica
Fuente del encabezamiento o términ spines
651 ## - ASIENTO SECUNDARIO DE MATERIA - NOMBRE GEOGRAFICO
Fuente del encabezamiento o término unescot
Nombre geográfico Argentina
700 ## - ASIENTO SECUNDARIO - NOMBRE DE PERSONA
Personal name Golombek, Diego
Dates associated with a name direccion de obra
929 ## - DATOS DE ADQUISICION
Procedencia DONACION
Proveedor Joaquin de León
Precio 0
Número de inventario 61531
942 ## - ELEMENTOS DE PUNTO DE ACCESO ADICIONAL (KOHA)
Tipo de ítem Koha Libros
Existencias
Estado de retiro Estado de pérdida Ubicación permanente Ubicación actual Ubicación en estantería Fecha de ingreso Total Checkouts Inventario Date last seen Tipo de ítem Koha Operador
    Biblioteca ESET - UNQ Biblioteca ESET - UNQ CIRCULACION 06/05/2024   61531 06/05/2024 Libros Gladys Alarcon

ESET UNQ

☏ 4365-7188
 Avenida República de Francia 1714 entre Doctor Kenny y Concordia, Ezpeleta, Bs As.
✉ secretaria_eset@unq.edu.ar

Con tecnología Koha